|
|
|
|
| LEADER |
00000nam0a2200000 4500 |
| 001 |
63815 |
| 005 |
20231031065008.0 |
| 035 |
|
|
|a (RuTPU)RU\TPU\book\67716
|
| 090 |
|
|
|a 63815
|
| 100 |
|
|
|a 20040520d1974 k y0rusy50 ca
|
| 101 |
1 |
|
|a rus
|c eng
|
| 102 |
|
|
|a RU
|
| 105 |
|
|
|a a z 001zy
|
| 200 |
1 |
|
|a Химические реакторы и смесители для жидкофазных процессов
|e пер. с англ.
|f Ф. Холланд, Ф. Чапман
|g Под ред. Ю. М. Жорова, Пер. Ю. И. Лазьяна, Пер. Г. М. Татаринцевой
|
| 210 |
|
|
|a Москва
|c Химия
|d 1974
|
| 215 |
|
|
|a 208 с.
|c ил.
|e граф.
|
| 300 |
|
|
|a Доп. тит лист на англ. яз.
|
| 320 |
|
|
|a Библиогр. в конце глав.
|
| 610 |
1 |
|
|a химическая технология
|
| 610 |
1 |
|
|a реакционные аппараты
|
| 610 |
1 |
|
|a проектирование
|
| 610 |
1 |
|
|a расчет
|
| 610 |
1 |
|
|a эксплуатация
|
| 610 |
1 |
|
|a химические реакторы
|
| 610 |
1 |
|
|a смесители
|
| 610 |
1 |
|
|a жидкофазные процессы
|
| 675 |
|
|
|a 66.02
|v 3
|
| 675 |
|
|
|a 66.06
|v 3
|
| 700 |
|
1 |
|a Холланд
|b Ф.
|
| 701 |
|
1 |
|a Чапман
|b Ф.
|
| 702 |
|
1 |
|a Жоров
|b Ю. М.
|4 340
|
| 702 |
|
1 |
|a Лазьян
|b Ю. И.
|4 730
|
| 702 |
|
1 |
|a Татаринцева
|b Г. М.
|4 730
|
| 801 |
|
1 |
|a RU
|b 63413507
|c 20040520
|g PSBO
|
| 801 |
|
2 |
|a RU
|b 63413507
|c 20140225
|g PSBO
|
| 942 |
|
|
|c BK
|